Bluetooth security (Record no. 6626)

000 -LEADER
fixed length control field 00550 a2200181 4500
020 ## - INTERNATIONAL STANDARD BOOK NUMBER
International Standard Book Number 1580535046
040 ## - CATALOGING SOURCE
Original cataloging agency DLC
Language of cataloging DLC
082 00 - DEWEY DECIMAL CLASSIFICATION NUMBER
Classification number 005.8
100 1# - MAIN ENTRY--PERSONAL NAME
Personal name Gehrmann, Christian.
245 10 - TITLE STATEMENT
Title Bluetooth security
Statement of responsibility, etc. Christian Gehrmann, Joakim Persson, Ben Smeets.
260 ## - PUBLICATION, DISTRIBUTION, ETC.
Place of publication, distribution, etc. Boston :
Name of publisher, distributor, etc. Artech House,
Date of publication, distribution, etc. c2004.
300 ## - PHYSICAL DESCRIPTION
Extent xii, 204 p. :
Other physical details ill. ;
Dimensions 24 cm.
440 #0 - SERIES STATEMENT/ADDED ENTRY--TITLE
Title Artech House computer security series
650 #0 - SUBJECT ADDED ENTRY--TOPICAL TERM
Topical term or geographic name entry element Bluetooth technology
General subdivision Security measures.
700 1# - ADDED ENTRY--PERSONAL NAME
Personal name Persson, Joakim.
700 1# - ADDED ENTRY--PERSONAL NAME
Personal name Smeets, Ben.
942 ## - ADDED ENTRY ELEMENTS (KOHA)
Koha item type Book
Call number prefix 005.8 GEH
Source of classification or shelving scheme
Holdings
Withdrawn status Lost status Damaged status Not for loan Collection code Permanent Location Current Location Shelving location Date acquired Source of acquisition Cost, normal purchase price Total Checkouts Full call number Barcode Date last seen Price effective from Koha item type
          Central Library (CL) Central Library (CL) First Floor - Artificial Intelligence/Data Mining 06/09/2005 A&J Def Tek Consultant 6337.19   005.8 GEH SEECS005904 11/14/2012 01/05/2017 Book
© 2023 Central Library, National University of Sciences and Technology. All Rights Reserved.